000 00451nam a2200145Ia 4500
008 220216s9999 xx 000 0 und d
100 _aSedgley M
245 0 _aFloral biology of rubber and recommendations for increases in seed yield for plant breeding
260 _bJournal of the Rubber Research Institute of Sri Lanka
_c1986
300 _a13-Jan
650 _aFloral biology
650 _aRubber
700 _aAttanayake D P S T G
942 _cJS
999 _c59472
_d59472